000 00589nam a2200205Ii 4500
001 5809
003 CO-ViMGA
008 241108s9999||||xx |||||||||||||| ||und||
040 _aCO-ViMGA
_bspa
_erda
_cCO-ViMGA
041 0 _aunk
082 0 4 _a863-P226
100 1 _aEmilia Pardo Bazán
_954316
245 1 0 _aObras completas
264 1 _a[Lugar de publicación no identificado] : M. Aguilar, 1947
300 _avolumen
336 _atext
_btxt
_2rdacontent
337 _aunmediated
_bn
_2rdamedia
338 _avolume
_bnc
_2rdacarrier
940 _aidficha_siabuc: 5663. -- ficha_no_siabuc:5809
999 _c51258
_d51258